Croatian Olympic medals - Statistics

General Stats
  • This quiz has been taken 306 times
    138 since last reset
  • The average score is 37 of 52
Answer Stats
Medal Olympic Games Name Sport % Correct
Silver 2006 Torino Ivica Kostelić Alpine skiing
96%
Silver 2010 Vancouver Ivica Kostelić Alpine skiing
96%
Silver 2010 Vancouver Ivica Kostelić Alpine skiing
96%
Silver 2014 Sochi Ivica Kostelić Alpine skiing
96%
Gold 2002 Salt Lake City Janica Kostelić Alpine skiing
96%
Gold 2002 Salt Lake City Janica Kostelić Alpine skiing
96%
Gold 2002 Salt Lake City Janica Kostelić Alpine skiing
96%
Gold 2006 Torino Janica Kostelić Alpine skiing
96%
Silver 2002 Salt Lake City Janica Kostelić Alpine skiing
96%
Silver 2006 Torino Janica Kostelić Alpine skiing
96%
Gold 1996 Atlanta Men's handball team Team sport
92%
Gold 2004 Athens Men's handball team Team sport
92%
Bronze 2012 London Men's handball team Team sport
92%
Gold 2012 London Sandra Perković Athletics
90%
Gold 2016 Rio de Janeiro Sandra Perković Athletics
90%
Silver 2012 London Men's quadruple sculls Rowing
88%
Gold 2016 Rio de Janeiro Martin Sinković and Valent Sinković Rowing
87%
Gold 2020 Tokyo Martin Sinković and Valent Sinković Rowing
86%
Silver 1992 Barcelona Men's basketball team Team sport
83%
Gold 2012 London Men's water polo team Team sport
82%
Silver 1996 Atlanta Men's water polo team Team sport
82%
Silver 2016 Rio de Janeiro Men's water polo team Team sport
82%
Silver 2008 Beijing Blanka Vlašić Athletics
81%
Bronze 2016 Rio de Janeiro Blanka Vlašić Athletics
81%
Bronze 1992 Barcelona Goran Ivanišević Tennis
79%
Silver 2020 Tokyo Marin Čilić and Ivan Dodig Tennis
79%
Bronze 1992 Barcelona Goran Ivanišević and Goran Prpić Tennis
77%
Gold 2020 Tokyo Nikola Mektić and Mate Pavić Tennis
71%
Gold 2016 Rio de Janeiro Sara Kolak Athletics
66%
Bronze 2012 London Lucija Zaninović Taekwondo
65%
Silver 2020 Tokyo Tin Srbić Gymnastics
64%
Silver 2016 Rio de Janeiro Damir Martin Rowing
63%
Bronze 2020 Tokyo Damir Martin Rowing
63%
Bronze 2016 Rio de Janeiro Filip Hrgović Boxing
60%
Silver 2008 Beijing Filip Ude Gymnastics
60%
Bronze 2004 Athens Mario Ančić and Ivan Ljubičić Tennis
58%
Gold 2000 Sydney Nikolaj Pešalov Weightlifting
57%
Bronze 2004 Athens Nikolaj Pešalov Weightlifting
57%
Silver 2004 Athens Duje Draganja Swimming
56%
Gold 2016 Rio de Janeiro Josip Glasnović Shooting
56%
Bronze 2010 Vancouver Jakov Fak Biathlon
54%
Gold 2016 Rio de Janeiro Šime Fantela and Igor Marenić Sailing
49%
Gold 2020 Tokyo Matea Jelić Taekwondo
48%
Silver 2004 Athens Nikša Skelin and Siniša Skelin Rowing
48%
Gold 2012 London Giovanni Cernogoraz Shooting
47%
Bronze 2008 Beijing Snježana Pejčić Shooting
46%
Silver 2016 Rio de Janeiro Tonči Stipanović Sailing
44%
Silver 2020 Tokyo Tonči Stipanović Sailing
44%
Bronze 2020 Tokyo Toni Kanaet Taekwondo
43%
Bronze 2008 Beijing Martina Zubčić Taekwondo
32%
Bronze 2008 Beijing Sandra Šarić Taekwondo
28%
Bronze 2000 Sydney Men's eight with coxswain Rowing
24%
No matching quizzes found
Score Distribution
Percent of People with Each Score
Percentile by Number Answered
Your Score History
You have not taken this quiz since the last reset